Medicina legal y psiquiatría forense
Uloženo v:
| Hlavní autor: | |
|---|---|
| Médium: | Kniha |
| Jazyk: | španělština |
| Vydáno: |
Santiago
Jurídica de Chile
1991
|
| Témata: | |
| Tagy: |
Přidat tag
Žádné tagy, Buďte první, kdo vytvoří štítek k tomuto záznamu!
|
MARC
| LEADER | 00000nam a2200000 a 4500 | ||
|---|---|---|---|
| 001 | UCV2542 | ||
| 003 | CL-VaPUC | ||
| 008 | 920821e19910000CL |||||||||||||||||spa|d | ||
| 082 | 0 | 4 | |a 344.041 |b SIL |2 21 |
| 100 | 0 | |a Silva Silva, Hernán Octavio |e author |9 296782 | |
| 245 | 1 | 0 | |a Medicina legal y psiquiatría forense |
| 300 | |a v | ||
| 942 | |c BK | ||
| 945 | |d 19920821 00:00:00 |a aalvarez | ||
| 260 | |a Santiago |b Jurídica de Chile |c 1991 | ||
| 500 | |a v.1: Medicina Legal | ||
| 650 | 7 | |a MEDICINA LEGAL |2 CL-VaPUC |9 296783 | |
| 650 | 7 | |a PSIQUIATRIA FORENSE |2 CL-VaPUC |9 255649 | |
| 583 | |a last modification |c 19920821 00:00:00 |k Rodrigo Vera | ||
| 999 | |c 210084 |d 210082 | ||
| 952 | |0 0 |1 0 |4 0 |6 344_041000000000000_SIL_1991 |7 0 |8 A |9 186097 |a BIBDER |b BIBDER |d 2019-11-14 |h v.2 |i 3078027 |o 344.041 SIL 1991 |p 3078027 |r 2023-01-25 |w 2019-11-14 |y BK |k DER | ||
| 952 | |0 0 |1 0 |4 0 |6 344_041000000000000_SIL_1991 |7 0 |8 A |9 186099 |a BIBDER |b BIBDER |d 2019-11-14 |h v.1 |i 2535556 |o 344.041 SIL 1991 |p 2535556 |r 2023-01-25 |w 2019-11-14 |y BK |k DER | ||